000 00344nam a2200133Ia 4500
008 240624s9999 xx 000 0 und d
041 _aeng
082 _a020 ASW
100 _aASWAL R S
245 _aLIBRARY AUTOMATION IN THE 21ST CENTURY
260 _c2006
_aNew Delhi
_bEss Ess Publications
300 _a243 : p. : cm. ; 21
365 _cRS
_b20
999 _c8404
_d8404